000 01432nam a2200337 a 4500
001 ebr10728357
003 CaPaEBR
006 m o u
007 cr cn|||||||||
008 130219s2013 enka sb 001 0 eng d
010 _z 2013006642
020 _z9781405192415 (pbk. : alk. paper)
020 _z9781405192422 (cloth : alk. paper)
020 _z9781118536070 (e-book)
040 _aCaPaEBR
_cCaPaEBR
035 _a(OCoLC)851695922
050 1 4 _aML3916
_b.H47 2013eb
082 0 4 _a781.1/7
_223
100 1 _aHesmondhalgh, David,
_d1963-
245 1 0 _aWhy music matters
_h[electronic resource] /
_cDavid Hesmondhalgh.
260 _aChichester ;
_aMalden, Mass. :
_bWiley Blackwell,
_c2013.
300 _avi, 198 p. :
_bill.
504 _aIncludes bibliographical references and index.
505 0 _aMusic as intimate and social, private and public -- Feeling and flourishing -- Love and sex -- Sociability and place -- Commonality and cosmopolitanism.
533 _aElectronic reproduction.
_bPalo Alto, Calif. :
_cebrary,
_d2013.
_nAvailable via World Wide Web.
_nAccess may be limited to ebrary affiliated libraries.
650 0 _aMusic
_xSocial aspects.
650 0 _aMusic
_xPhilosophy and aesthetics.
655 7 _aElectronic books.
_2local
710 2 _aebrary, Inc.
856 4 0 _uhttp://site.ebrary.com/lib/rucke/Doc?id=10728357
_zAn electronic book accessible through the World Wide Web; click to view
999 _c37874
_d37874